01364nam a2200277 i 450000100060000000300090000600500170001500700030003200800410003502000180007608000410009408000210013524502110015625000120036726001970037930000310057665000550060765100670066270000430072970000360077271000360080871000700084485200330091499900170094795201220096489066ES-MaACL20230906180048.0t|050126s2002 mx a ||||1| spa d a968-7598-85-9 a929-053.2-054.73(=1.460:72)"1936/39" a94(460)"1936/39"03aUn capítulo de la memoria del exilio b: los niños de Morelia /cAgustín Sánchez Andrés ... [et al.], compiladores ; estudio introductorio de Agustín Sánchez Andrés y Eduardo Mateo Gambarte. a1ª ed. aMorelia (Michoacán) : bInstituto de Investigaciones Históricas de la Universidad Michoacana de San Nicolás Hidalgo ; aMadrid : bComunidad de Madrid, Consejería de las Artes, c2002. a437 p., : bil. ; c23 cm.14aNiños refugiados españoles-zMéxico.9211184 4aEspaña-xHistoria-y1936-1939, Guerra civil-xNiños.983091 aSánchez Andrés, Agustín.91024551 aMateo Gambarte, Eduardo.9789592 aUniversidad Michoacana.91709911 aMadrid (Comunidad Autónoma). bConsejería de las Artes.95602 aES-MaACLjL-28715 bR.134893 c89066d89066 00104070aATENEOMbATENEOMcDEPO2d2008-01-17eSCl0oL-28715p1093021r2023-02-23 00:00:00w2023-02-23yMONOGRAFIA